[Event "Hosur op 3rd"]
[Site "Hosur"]
[Date "2023.02.03"]
[Round "5"]
[White "Sreyas, Payyappat"]
[Black "Vignesh Kannan, P."]
[Result "1-0"]
[WhiteElo "2105"]
[BlackElo "1793"]
[PlyCount "103"]
[EventDate "2023.02.01"]
[EventType "swiss"]
[EventRounds "9"]
[EventCountry "IND"]
[SourceTitle "CBM 212 Extra"]
[Source "ChessBase"]
[SourceDate "2023.03.31"]
[SourceVersion "1"]
[SourceVersionDate "2023.03.31"]
[SourceQuality "1"]

1. e4 c5 2. Nf3 d6 3. d4 cxd4 4. Nxd4 Nf6 5. Nc3 g6 6. f4 Bg7 7. e5 Nh5 8. Bb5+ Bd7 9. e6 Bxb5 10. exf7+ Kxf7 11. Ncxb5 Nc6 12. Be3 Qb6 13. Qd3 Nxd4 14. Nxd4 Rhc8 15. 0-0 Nf6 16. f5 Qa6 17. fxg6+ hxg6 18. Qe4 Rc5 19. Ne6 Re5 20. Ng5+ Kg8 21. Qxg6 Qc4 22. Rf4 Qd5 23. Rd4 Rxg5 24. Qxg5 Qxg5 25. Bxg5 e5 26. Rb4 Rc8 27. Bxf6 Bxf6 28. Rf1 Bg7 29. c3 Rc7 30. Rg4 Kh7 31. Rf3 a5 32. a4 d5 33. Rh3+ Kg8 34. Rhg3 Kf8 35. h4 Bf6 36. h5 Rh7 37. Rf3 Rf7 38. h6 Ke7 39. Rg6 e4 40. Rfxf6 Rxf6 41. Rxf6 Kxf6 42. g4 Kg6 43. g5 Kh7 44. Kf2 Kg6 45. Ke3 b6 46. c4 dxc4 47. Kxe4 Kf7 48. h7 Kg7 49. g6 b5 50. axb5 a4 51. b6 c3 52. b7 1-0

[Event "IND-ch U13 35th"]
[Site "Puducherry"]
[Date "2022.12.16"]
[Round "9"]
[White "Paresh, S."]
[Black "Vignesh Kannan, P."]
[Result "0-1"]
[WhiteElo "1343"]
[BlackElo "1733"]
[PlyCount "136"]
[EventDate "2022.12.11"]
[EventType "swiss"]
[EventRounds "11"]
[EventCountry "IND"]
[SourceTitle "EXT 2024"]
[Source "ChessBase"]
[SourceDate "2023.10.10"]
[SourceVersion "1"]
[SourceVersionDate "2023.10.10"]
[SourceQuality "1"]

1. e4 c5 2. Nf3 e6 3. d4 cxd4 4. Nxd4 a6 5. Be3 Qc7 6. Bd3 Nf6 7. 0-0 Nc6 8. f4 Bc5 9. c3 Qb6 10. Qd2 Nxd4 11. Bxd4 Bxd4+ 12. cxd4 Qxd4+ 13. Kh1 b5 14. Qc3 Qxc3 15. Nxc3 Bb7 16. e5 Ng4 17. Be4 Bxe4 18. Nxe4 Ne3 19. Rf3 Nd5 20. Rd1 f6 21. Nd6+ Ke7 22. Nf5+ Kf8 23. Ne3 Nxe3 24. Rxe3 Ra7 25. h3 Ke7 26. Rc1 Rf8 27. g3 Rb7 28. Kg2 Rb6 29. exf6+ Rxf6 30. Rd3 Rd6 31. Rxd6 Kxd6 32. Rc8 e5 33. Ra8 Kd5 34. Ra7 Rd6 35. fxe5 Kxe5 36. Kf3 Rd3+ 37. Kg4 Rd6 38. Kf3 Kd4 39. Ke2 Ke4 40. Ra8 Rg6 41. Re8+ Kd4 42. Rd8 d5 43. g4 Rh6 44. Rd7 g6 45. Rd6 Rxh3 46. Rxa6 Rh2+ 47. Kf3 Rxb2 48. Kf4 Kc4 49. Ra7 h5 50. gxh5 gxh5 51. Kg5 d4 52. Kxh5 Rg2 53. a4 bxa4 54. Rxa4+ Kd5 55. Ra1 d3 56. Rd1 Kd4 57. Kh4 d2 58. Kh3 Re2 59. Kg3 Kc3 60. Kf3 Re1 61. Rxd2 Kxd2 62. Kf2 Re3 63. Kf1 Re2 64. Kg1 Ke3 65. Kf1 Kf3 66. Kg1 Kg3 67. Kf1 Re8 68. Kg1 Re1# 0-1